Evaluating alternative maintenance strategies / (Record no. 547520)
[ view plain ]
| 000 -LEADER | |
|---|---|
| fixed length control field | 00771nam a2200205 a 4500 |
| 020 ## - INTERNATIONAL STANDARD BOOK NUMBER | |
| International Standard Book Number | 0309040191 (pbk.) |
| 082 00 - DEWEY DECIMAL CLASSIFICATION NUMBER | |
| Classification number | 625.7 s |
| -- | 625.76 |
| Author Mark | EVA |
| 245 00 - TITLE STATEMENT | |
| Title | Evaluating alternative maintenance strategies / |
| Statement of responsibility, etc. | B.C. Butler, Jr. ... [et al.]. |
| 260 ## - PUBLICATION, DISTRIBUTION, ETC. | |
| Place of publication, distribution, etc. | Washington, D.C. : |
| Name of publisher, distributor, etc. | Transportation Research Board, National Research Council, |
| Date of publication, distribution, etc. | [1986] |
| 300 ## - PHYSICAL DESCRIPTION | |
| Extent | 86 p. : |
| Other physical details | ill. ; |
| Dimensions | 28 cm. |
| 490 1# - SERIES STATEMENT | |
| Series statement | National Cooperative Highway Research Program report, |
| 500 ## - GENERAL NOTE | |
| General note | "June 1986." |
| 526 ## - STUDY PROGRAM INFORMATION NOTE | |
| Program name | 0 |
| Interest level | 0 |
| Reading level | 0 |
| Title point value | 625_700000000000000_S_EVA |
| 650 #0 - SUBJECT ADDED ENTRY--TOPICAL TERM | |
| Topical term or geographic name entry element | Bridges |
| General subdivision | Maintenance and repair. |
| 9 (RLIN) | 802 |
| 650 #0 - SUBJECT ADDED ENTRY--TOPICAL TERM | |
| Topical term or geographic name entry element | MCE |
| 9 (RLIN) | 379 |
| 650 #0 - SUBJECT ADDED ENTRY--TOPICAL TERM | |
| Topical term or geographic name entry element | Pavements |
| General subdivision | Maintenance and repair. |
| 9 (RLIN) | 20806 |
| 700 1# - ADDED ENTRY--PERSONAL NAME | |
| Personal name | Butler, B. C. |
| 9 (RLIN) | 43708 |
| 710 2# - ADDED ENTRY--CORPORATE NAME | |
| Corporate name or jurisdiction name as entry element | National Research Council (U.S.). |
| 9 (RLIN) | 20017 |
| 942 ## - ADDED ENTRY ELEMENTS (KOHA) | |
| Source of classification or shelving scheme | |
| Koha item type | Book |
| Withdrawn status | Lost status | Source of classification or shelving scheme | Damaged status | Not for loan | Permanent Location | Current Location | Date acquired | Total Checkouts | Full call number | Barcode | Date last seen | Price effective from | Koha item type |
|---|---|---|---|---|---|---|---|---|---|---|---|---|---|
| Military College of Engineering (MCE) | Military College of Engineering (MCE) | 07/21/2014 | 625.7 s EVA | MCE-42114 | 07/21/2014 | 07/21/2014 | Book |
